000 00889nam2a22002531 4500
001 RU\NLR\INFOCOMM31\1000047758
005 20260607120252.0
035 _a(NLR Aleph) 002516668
090 _a13725107
_c13725107
100 _a20040420d1961 |||y0rusy50 ca
101 0 _arus
102 _aLV
105 _ay |||||||||
200 1 _aАсотское городище
_fЭ.Д. Шноре
210 _d1961
461 0 _1001RU\NLR\INFOCOMM31\1000047756
_12001#$aМатериалы и исследования по археологии Латвийской ССР$fАкад. наук Латвийской ССР. Ин-т истории и материальной культуры$v2
700 1 _aШноре
_bЭ. Д.
_4070
801 0 _aRU
_bNLR
_gPSBO
801 1 _aRU
_bInfoComm
_c20040420
852 _aNLR
_jП23/2385
942 _cISSUE
980 _aRUSPER
980 _aNB